Outliers : (Record no. 4173)

000 -LEADER
fixed length control field 01205cam a2200313 a 4500
001 - CONTROL NUMBER
control field 15381915
005 - DATE AND TIME OF LATEST TRANSACTION
control field 20190611143432.0
008 - FIXED-LENGTH DATA ELEMENTS--GENERAL INFORMATION
fixed length control field 080725s2008 nyua b 001 0 eng
010 ## - LIBRARY OF CONGRESS CONTROL NUMBER
LC control number 2008032824
020 ## - INTERNATIONAL STANDARD BOOK NUMBER
International Standard Book Number 9780316017923
020 ## - INTERNATIONAL STANDARD BOOK NUMBER
International Standard Book Number 9780316036696 (Int'l ed.)
040 ## - CATALOGING SOURCE
Original cataloging agency DLC
Transcribing agency DLC
Modifying agency DLC
050 00 - LIBRARY OF CONGRESS CALL NUMBER
Classification number BF637.S8
Item number G533 2008
082 00 - DEWEY DECIMAL CLASSIFICATION NUMBER
Classification number 302
Edition number 22
100 1# - MAIN ENTRY--PERSONAL NAME
Personal name Gladwell, Malcolm,
Dates associated with a name 1963-
245 10 - TITLE STATEMENT
Title Outliers :
Remainder of title the story of success /
Statement of responsibility, etc Malcolm Gladwell.
250 ## - EDITION STATEMENT
Edition statement 1st ed.
260 ## - PUBLICATION, DISTRIBUTION, ETC. (IMPRINT)
Place of publication, distribution, etc New York :
Name of publisher, distributor, etc Little, Brown and Co.,
Date of publication, distribution, etc 2008.
300 ## - PHYSICAL DESCRIPTION
Extent 309 p. :
Other physical details ill. ;
Dimensions 21 cm.
504 ## - BIBLIOGRAPHY, ETC. NOTE
Bibliography, etc Includes bibliographical references (p. [287]-296) and index.
650 #0 - SUBJECT ADDED ENTRY--TOPICAL TERM
Topical term or geographic name as entry element Successful people.
650 #0 - SUBJECT ADDED ENTRY--TOPICAL TERM
Topical term or geographic name as entry element Success.
856 41 - ELECTRONIC LOCATION AND ACCESS
Materials specified Table of contents only
Uniform Resource Identifier <a href="http://www.loc.gov/catdir/toc/ecip0824/2008032824.html">http://www.loc.gov/catdir/toc/ecip0824/2008032824.html</a>
856 42 - ELECTRONIC LOCATION AND ACCESS
Materials specified Contributor biographical information
Uniform Resource Identifier <a href="http://www.loc.gov/catdir/enhancements/fy0837/2008032824-b.html">http://www.loc.gov/catdir/enhancements/fy0837/2008032824-b.html</a>
856 42 - ELECTRONIC LOCATION AND ACCESS
Materials specified Publisher description
Uniform Resource Identifier <a href="http://www.loc.gov/catdir/enhancements/fy0837/2008032824-d.html">http://www.loc.gov/catdir/enhancements/fy0837/2008032824-d.html</a>
906 ## - LOCAL DATA ELEMENT F, LDF (RLIN)
a 7
b cbc
c orignew
d 1
e ecip
f 20
g y-gencatlg
942 ## - ADDED ENTRY ELEMENTS (KOHA)
Source of classification or shelving scheme
Item type Book
Holdings
Withdrawn status Lost status Source of classification or shelving scheme Damaged status Not for loan Home library Current library Shelving location Date acquired Total Checkouts Total Renewals Full call number Barcode Date last seen Date last borrowed Copy number Price effective from Koha item type
          Riara University Library Riara University Library General stack 11/06/2019 2 1 BF637.S8 G533 2008 10260/19 16/04/2024 15/03/2024 C.1 11/06/2019 Book

Riara University Library,
P.O. Box 49940-00100,
Nairobi, Kenya.